<?xml version="1.0" encoding="utf-8"?>
<?xml-stylesheet type='text/xsl' href='./oai2.xsl'?>
<OAI-PMH xmlns="http://www.openarchives.org/OAI/2.0/" xmlns:xsi="http://www.w3.org/2001/XMLSchema-instance" xsi:schemaLocation="http://www.openarchives.org/OAI/2.0/ http://www.openarchives.org/OAI/2.0/OAI-PMH.xsd">
  <responseDate>2026-05-13T05:46:24Z</responseDate>
  <request verb="GetRecord" metadataPrefix="marcxml" identifier="record_kuniweb_1114201">https://kulturerbe.niedersachsen.de/oai</request>
  <GetRecord>
    <record>
      <header>
        <identifier>record_kuniweb_1114201</identifier>
        <datestamp>2021-09-20T08:38:15Z</datestamp>
        <setSpec>slg0199</setSpec>
      </header>
      <metadata>
        <marc:record xmlns:marc="http://www.loc.gov/MARC21/slim" xsi:schemaLocation="http://www.loc.gov/MARC21/slim http://www.loc.gov/standards/marcxml/schema/MARC21slim.xsd">
          <marc:leader>12345nrm  22     uu 4500</marc:leader>
          <marc:controlfield tag="001">1114201</marc:controlfield>
          <marc:controlfield tag="003">http://kuniweb.gbv.de</marc:controlfield>
          <marc:controlfield tag="005">2020-02-06T12:07:09</marc:controlfield>
          <marc:controlfield tag="008">|           ||||||||||||||||||||||</marc:controlfield>
          <marc:datafield tag="245" ind1="1" ind2="0">
            <marc:subfield code="a">Vogeler, Kaffeeservice Goldrose</marc:subfield>
          </marc:datafield>
          <marc:datafield tag="700" ind1="1" ind2=" ">
            <marc:subfield code="a">Vogeler</marc:subfield>
            <marc:subfield code="d">* 1872 † 1942</marc:subfield>
            <marc:subfield code="e">Künstler</marc:subfield>
          </marc:datafield>
          <marc:datafield tag="655" ind1=" " ind2="7">
            <marc:subfield code="a">Kunsthandwerk</marc:subfield>
          </marc:datafield>
          <marc:datafield tag="046" ind1=" " ind2=" ">
            <marc:subfield code="k">1905</marc:subfield>
            <marc:subfield code="k">1905</marc:subfield>
          </marc:datafield>
          <marc:datafield tag="260" ind1=" " ind2=" ">
            <marc:subfield code="g">1905</marc:subfield>
            <marc:subfield code="g">1905</marc:subfield>
          </marc:datafield>
          <marc:datafield tag="520" ind1=" " ind2=" ">
            <marc:subfield code="a">KPM Berlin, Kaffeeservice "Alt Berlin"
(Das Service wird im offiziellem Herstellungskatalog vom KPM nicht erwähnt, die Porzellanmalerei wurde im Auftrag von Vogeler in kleiner Auflage von einer anderen Firma erstellt, wahrscheinlich Raabe, Bremen) (PE)

Verwendungszweck:
Kaffeeservice

Veröffentlicht in:
Beschrieben in: Heinrich Vogeler, Ausstellungskatalog Tokyo, Onomichi, Osaka, 2000-2001, Japan

Beschrieben in:
S. Schlenker, „Künstler, Träumer, Visionär ["Künstler, Träumer, Visionär"] : Vier Museen in Worpswede würdigen Heinrich Vogeler in einer gemeinsamen Ausstellung“. Landschaftsverb. Stade, Stade.

Veröffentlicht in:
„Heinrich Vogeler in der Sammlung Käseglocke : Baudenkmal und Museum für Worpsweder Möbel und Kunsthandwerk“. Worpswede, 2012.

Beschrieben in:
„Mythos und Moderne : 125 Jahre Künstlerkolonie Worpswede“. Wienand, Köln, 2014.

Beschrieben in:
P. Groth, „Die Käseglocke in Worpswede : Baudenkmal und Museum für Worpsweder Möbel und Kunsthandwerk“. Freunde Worpswedes, Worpswede, 2013.</marc:subfield>
          </marc:datafield>
          <marc:datafield tag="773" ind1="0" ind2=" ">
            <marc:subfield code="t">Sammlung Käseglocke</marc:subfield>
          </marc:datafield>
          <marc:datafield tag="852" ind1=" " ind2=" ">
            <marc:subfield code="a">Käseglocke Worpswede</marc:subfield>
          </marc:datafield>
          <marc:datafield tag="852" ind1=" " ind2=" ">
            <marc:subfield code="a">Worpswede (Osterholz, Niedersachsen)</marc:subfield>
          </marc:datafield>
          <marc:datafield tag="" ind1=" " ind2=" ">
            <marc:subfield code="a">Namensnennung - Nicht kommerziell - Keine Bearbeitungen 4.0 International (CC BY-NC-ND 4.0)</marc:subfield>
          </marc:datafield>
        </marc:record>
      </metadata>
    </record>
  </GetRecord>
</OAI-PMH>
